|
|
|
|
| LEADER |
00000caa a2200000 c 4500 |
| 001 |
1173834850 |
| 003 |
DE-627 |
| 005 |
20220524142507.0 |
| 007 |
tu |
| 008 |
030319s2002 xx ||||| 00| ||ger c |
| 020 |
|
|
|a 3980646394
|
| 035 |
|
|
|a (DE-627)1173834850
|
| 035 |
|
|
|a (DE-576)103834850
|
| 035 |
|
|
|a (DE-599)BSZ103834850
|
| 040 |
|
|
|a DE-627
|b ger
|c DE-627
|e rakwb
|
| 041 |
|
|
|a ger
|
| 100 |
1 |
|
|a Pick, Eckhart
|d 1941-
|0 (DE-588)122456831
|0 (DE-627)081955065
|0 (DE-576)162551258
|4 aut
|
| 109 |
|
|
|a Pick, Eckhart 1941-
|a Pick, Eckart 1941-
|
| 245 |
1 |
0 |
|a Eckpunktepapier der Regierungskoalition zur Reform des Strafverfahrens
|c Eckhart Pick
|
| 264 |
|
1 |
|c 2002
|
| 300 |
|
|
|a S. 111 - 118
|
| 336 |
|
|
|a Text
|b txt
|2 rdacontent
|
| 337 |
|
|
|a ohne Hilfsmittel zu benutzen
|b n
|2 rdamedia
|
| 338 |
|
|
|a Band
|b nc
|2 rdacarrier
|
| 773 |
0 |
8 |
|i In
|t Schutz von Opferzeugen im Strafverfahren
|b 1. Aufl.
|d Mainz : Weisser Ring, 2002
|g (2002), Seite 111 - 118
|h 172 S.
|w (DE-627)34886504X
|w (DE-576)099500507
|z 3980646394
|7 nnam
|
| 773 |
1 |
8 |
|g year:2002
|g pages:111 - 118
|
| 935 |
|
|
|a mkri
|
| 951 |
|
|
|a AR
|
| ELC |
|
|
|b 1
|
| LOK |
|
|
|0 000 xxxxxcx a22 zn 4500
|
| LOK |
|
|
|0 001 2899389734
|
| LOK |
|
|
|0 003 DE-627
|
| LOK |
|
|
|0 004 1173834850
|
| LOK |
|
|
|0 005 20260206092653
|
| LOK |
|
|
|0 008 160208||||||||||||||||ger|||||||
|
| LOK |
|
|
|0 040
|a DE-21-110
|c DE-627
|d DE-21-110
|
| LOK |
|
|
|0 689
|a s
|a Strafverfahrensreform
|
| LOK |
|
|
|0 852
|a DE-21-110
|
| LOK |
|
|
|0 852 1
|m p
|9 00
|
| LOK |
|
|
|0 935
|a k110
|
| LOK |
|
|
|0 938
|k p
|
| LOK |
|
|
|0 939
|a 08-02-16
|b l01
|
| ORI |
|
|
|a WA-MARC-krimdoka001.raw
|